[Event "Titled Tue 10th Jun Early"]
[Site "chess.com INT"]
[Date "2025.06.10"]
[Round "2"]
[White "Liu, Zachary Hankun"]
[Black "Puzyrevsky, Semyon"]
[Result "1-0"]
[BlackTitle "FM"]
[WhiteElo "2067"]
[BlackElo "2292"]
[WhiteFideId "2640287"]
[BlackFideId "24240931"]
[EventDate "2025.06.10"]

1. e4 c5 2. Nf3 d6 3. d4 cxd4 4. Nxd4 Nf6 5. Nc3 Nc6 6. Bg5 e6 7. Qd2 a6 8.
O-O-O Bd7 9. Kb1 Be7 10. f3 Nxd4 11. Qxd4 b5 12. Ne2 Qc7 13. Qd2 Qc5 14. Be3 Qc7
15. Bg5 O-O 16. Nd4 b4 17. Re1 a5 18. g4 a4 19. Be3 Rfb8 20. h4 b3 21. cxb3 axb3
22. a3 d5 23. e5 Ne8 24. Rc1 Qb7 25. Rc3 Ba4 26. Bd3 Nc7 27. Kc1 Na6 28. Kd1 Nc5
29. Bb1 Nd7 30. f4 Rc8 31. Rxc8+ Rxc8 32. h5 Nb6 33. Qd3 g6 34. hxg6 hxg6 35.
Bc1 Bf8 36. f5 Qc7 37. Ne2 Qxe5 38. fxg6 f6 39. Rh8+ Kg7 40. Qh3 Rxc1+ 41. Nxc1
Qd4+ 42. Bd3 Qg1+ 43. Bf1 Qd4+ 44. Nd3 f5 45. Qh7+ Kf6 46. Rxf8+ Kg5 47. Qh5# 1-0

[Event "Titled Tue 10th Jun Early"]
[Site "chess.com INT"]
[Date "2025.06.10"]
[Round "2"]
[White "Yun, Hungi"]
[Black "Saiz Rodriguez, Daniel Evelio"]
[Result "0-1"]
[WhiteTitle "CM"]
[BlackTitle "FM"]
[WhiteElo "2058"]
[BlackElo "2187"]
[WhiteFideId "13210670"]
[BlackFideId "3523420"]
[EventDate "2025.06.10"]

1. e4 c5 2. Nf3 e6 3. d4 cxd4 4. Nxd4 Nf6 5. Nc3 Nc6 6. Be2 Be7 7. O-O d6 8.
Nxc6 bxc6 9. Qd3 O-O 10. Qg3 e5 11. f4 Kh8 12. Kh1 Qc7 13. Be3 Rb8 14. b3 a5 15.
fxe5 dxe5 16. Bc4 Bb4 17. Bg5 Nh5 18. Qe3 Nf4 19. a3 Bd6 20. g3 Ne6 21. Bh4 Bc5
22. Qe2 Nd4 23. Qh5 Be6 24. Bxe6 fxe6 25. Kg2 Nxc2 26. Rad1 Ne3+ 27. Kh3 Nxf1
28. Bg5 Qf7 0-1

[Event "Titled Tue 10th Jun Early"]
[Site "chess.com INT"]
[Date "2025.06.10"]
[Round "2"]
[White "Leon Acevedo, Juan Alejandro"]
[Black "Molina Sumoza, Jesus Alberto"]
[Result "0-1"]
[WhiteTitle "CM"]
[BlackTitle "CM"]
[WhiteElo "2008"]
[BlackElo "2025"]
[WhiteFideId "4459261"]
[BlackFideId "3901874"]
[EventDate "2025.06.10"]

1. d4 Nf6 2. c4 g6 3. Nc3 d5 4. Nf3 Bg7 5. g3 O-O 6. Bg2 dxc4 7. O-O Nc6 8. d5
Na5 9. e4 c6 10. Nd4 cxd5 11. exd5 a6 12. Bg5 h6 13. Bf4 Ne8 14. Qd2 Kh7 15.
Rad1 Nd6 16. Ne4 Bg4 17. Nxd6 Bxd1 18. Nxf7 Rxf7 19. Rxd1 c3 20. bxc3 Qb6 21.
Ne6 Nc4 22. Qd3 Nb2 23. Rb1 Nxd3 24. Rxb6 Nxf4 25. Nxf4 Bxc3 26. Rxb7 Bd4 27.
Be4 Kg7 28. Ne6+ Kf6 29. Nxd4 Ke5 30. Rb4 Kxe4 31. Ne6+ Ke5 32. Nc7 Rc8 33. f4+
Kd6 34. Nxa6 Kxd5 35. Rb5+ Kd6 36. Rb6+ Rc6 37. Rxc6+ Kxc6 38. Nb4+ Kc5 39. Nd3+
Kd4 40. Ne5 Rf6 41. Kf2 Ra6 42. Kf3 g5 43. Nf7 gxf4 44. gxf4 Rxa2 45. Nxh6 e6
46. Ng4 Ra3+ 47. Kg2 Ke4 48. Nf2+ Kxf4 49. h3 e5 50. h4 e4 51. h5 e3 52. Nh3+
Kg4 53. h6 Ra2+ 54. Kg1 Kxh3 55. h7 Ra8 0-1

[Event "Titled Tue 10th Jun Early"]
[Site "chess.com INT"]
[Date "2025.06.10"]
[Round "2"]
[White "Gelman, Alexander"]
[Black "Zeliantsova, Kseniya"]
[Result "1-0"]
[WhiteTitle "IM"]
[BlackTitle "WFM"]
[WhiteElo "2403"]
[BlackElo "2062"]
[WhiteFideId "4118316"]
[BlackFideId "13512617"]
[EventDate "2025.06.10"]

1. d4 Nf6 2. Nc3 g6 3. e4 d6 4. f4 Bg7 5. Nf3 O-O 6. e5 dxe5 7. fxe5 Nh5 8. Ne4
f6 9. Bc4+ Kh8 10. O-O Bg4 11. exf6 exf6 12. c3 Nd7 13. h3 Bf5 14. Nf2 Nb6 15.
Bb3 Ng3 16. Re1 Re8 17. Bf4 Ne4 18. Nxe4 Bxe4 19. Nd2 f5 20. Nxe4 fxe4 21. Qg4
Nd5 22. Bg5 Qd6 23. Rxe4 Rxe4 24. Qxe4 h6 25. Bd2 c6 26. Re1 Rf8 27. Bc2 Kh7 28.
h4 Rf5 29. Qg4 Nf6 30. Qh3 Rb5 31. Bc1 Nh5 32. Re6 1-0

[Event "Titled Tue 10th Jun Early"]
[Site "chess.com INT"]
[Date "2025.06.10"]
[Round "2"]
[White "Katishonok, Nikolaj"]
[Black "Baches Garcia, Guillermo"]
[Result "1-0"]
[WhiteTitle "FM"]
[BlackTitle "IM"]
[WhiteElo "2004"]
[BlackElo "2305"]
[WhiteFideId "11600225"]
[BlackFideId "2209764"]
[EventDate "2025.06.10"]

1. Nf3 d5 2. d4 e6 3. c4 Nf6 4. Nc3 Bb4 5. a3 Bxc3+ 6. bxc3 c6 7. cxd5 cxd5 8.
e3 O-O 9. Bd3 Qc7 10. Qc2 b6 11. O-O Ba6 12. Ne5 Bxd3 13. Qxd3 Rc8 14. Bd2 Nc6
15. Nxc6 Qxc6 16. Rfc1 Qc4 17. Qxc4 Rxc4 18. f3 Rac8 19. a4 Kf8 20. Kf2 h5 21.
Ke2 Ne8 22. Kd3 Nd6 23. Rcb1 R4c6 24. e4 Nc4 25. Be1 Ke7 26. Rb5 Nd6 27. Rb3
dxe4+ 28. fxe4 f5 29. exf5 exf5 30. a5 Kf6 31. axb6 axb6 32. Ra6 b5 33. Rxc6
Rxc6 34. Bg3 Ne4 35. d5 Rc8 36. Rxb5 Rxc3+ 37. Kd4 Rc1 38. Rb6+ Kf7 39. Ke5 g6
40. Rb7+ Kf8 41. Bf4 g5 42. Bxc1 1-0

[Event "Titled Tue 10th Jun Early"]
[Site "chess.com INT"]
[Date "2025.06.10"]
[Round "2"]
[White "Sieciechowicz, Marcin"]
[Black "Khalafvand, Dorsa Sadat"]
[Result "0-1"]
[WhiteTitle "IM"]
[BlackTitle "WCM"]
[WhiteElo "2413"]
[BlackElo "1985"]
[WhiteFideId "1130170"]
[BlackFideId "36767522"]
[EventDate "2025.06.10"]

1. d4 d5 2. c4 e6 3. Nc3 dxc4 4. Nf3 Nf6 5. e3 c5 6. Bxc4 cxd4 7. exd4 Nc6 8.
O-O Be7 9. Qe2 O-O 10. Rd1 Nd5 11. Bd3 Bf6 12. Ne4 b6 13. Nxf6+ Nxf6 14. Bg5 Bb7
15. Rac1 h6 16. Bh4 Nb4 17. Bb1 Nbd5 18. Ne5 Nf4 19. Qc2 Be4 20. Qxe4 Nxe4 21.
Bxd8 Raxd8 22. Bxe4 Ne2+ 23. Kf1 Nxc1 24. Rxc1 Rxd4 25. Bf3 Rd2 26. Nc4 Rc8 27.
Nxd2 Rxc1+ 28. Ke2 Rc2 29. b3 Rxa2 30. Kd3 Ra1 31. h4 Kf8 32. Nc4 Ke7 33. Ne5 a6
34. h5 Rf1 35. Ke2 Rb1 36. Nc6+ Kd6 37. Nd4 Kc5 38. Ke3 b5 39. Be2 Rb2 40. f4
Rb1 41. g4 Rb2 42. Kd3 a5 43. g5 a4 44. bxa4 bxa4 45. g6 fxg6 46. hxg6 a3 47.
Kc3 Rb8 48. Bc4 Rc8 49. Nxe6+ Kd6 50. Nd4 a2 51. Nc2 h5 52. Kd3 Ra8 0-1

[Event "Titled Tue 10th Jun Early"]
[Site "chess.com INT"]
[Date "2025.06.10"]
[Round "2"]
[White "Souleidis, Georgios"]
[Black "Bruhovich, Olexandr"]
[Result "1-0"]
[WhiteTitle "IM"]
[BlackTitle "CM"]
[WhiteElo "2418"]
[BlackElo "2208"]
[WhiteFideId "4206827"]
[BlackFideId "14119919"]
[EventDate "2025.06.10"]

1. e4 c5 2. Be2 Nc6 3. f4 g6 4. Nf3 Bg7 5. O-O d6 6. c3 Nf6 7. d3 c4 8. Kh1 cxd3
9. Bxd3 O-O 10. Na3 a6 11. Nc2 b5 12. Qe2 e6 13. a4 bxa4 14. Rxa4 a5 15. Bd2 Bd7
16. Rfa1 Qb6 17. R4a2 Rfb8 18. b4 Qd8 19. b5 Ne7 20. c4 Nh5 21. Rb1 a4 22. Qe3
Bh6 23. g3 e5 24. Qg1 exf4 25. g4 Nf6 26. g5 Bg4 27. Rf1 Bxg5 28. Nxg5 h5 29. h3
Bd7 30. Bxf4 Nh7 31. Nxh7 Kxh7 32. Qg2 Ng8 33. Bxd6 Rc8 34. Rxf7+ Kh8 35. Be5+ 1-0

[Event "Titled Tue 10th Jun Early"]
[Site "chess.com INT"]
[Date "2025.06.10"]
[Round "2"]
[White "Sklokin, Sergey"]
[Black "Novosel, Lovro"]
[Result "1-0"]
[WhiteTitle "FM"]
[BlackTitle "FM"]
[WhiteElo "2311"]
[BlackElo "2338"]
[WhiteFideId "55730230"]
[BlackFideId "14547120"]
[EventDate "2025.06.10"]

1. d4 Nf6 2. c4 c5 3. d5 b5 4. cxb5 a6 5. bxa6 d6 6. Nc3 g6 7. e4 Bg7 8. Nf3 O-O
9. g3 Nbd7 10. a4 Ne8 11. Bb5 Bxa6 12. Bxa6 Rxa6 13. Qd3 Qa8 14. b3 Nc7 15. O-O
Rb8 16. Qc2 Rab6 17. Rb1 Qa6 18. Be3 Ne5 19. Nxe5 Bxe5 20. Rfc1 Qb7 21. Bh6 Bg7
22. Bxg7 Kxg7 23. Qd2 Rb4 24. h4 h5 25. Qe3 Qb6 26. e5 Qb7 27. exd6 exd6 28. Qf3
Re8 29. Re1 Rxb3 30. Rbc1 Rxe1+ 31. Rxe1 Qb4 32. Re7 Qxc3 33. Qxf7+ Kh8 34. Qh7# 1-0

[Event "Titled Tue 10th Jun Early"]
[Site "chess.com INT"]
[Date "2025.06.10"]
[Round "2"]
[White "Jedryczka, Krystian"]
[Black "Khodzhamkuliev, Bahadur"]
[Result "0-1"]
[WhiteElo "2079"]
[BlackElo "2093"]
[WhiteFideId "1109472"]
[BlackFideId "24135046"]
[EventDate "2025.06.10"]

1. e4 d6 2. d4 Nf6 3. Nc3 g6 4. h3 Bg7 5. Be3 O-O 6. g4 c5 7. Nge2 cxd4 8. Nxd4
Nc6 9. Bg2 Qa5 10. O-O Ne5 11. Kh1 Nfxg4 12. hxg4 Nxg4 13. Nd5 Nxe3 14. Nxe3 e6
15. c3 Bd7 16. Kg1 Rab8 17. Qf3 Qg5 18. Qg3 Qxg3 19. fxg3 Rfc8 20. Rad1 Be5 21.
Kf2 b5 22. Nf3 Bg7 23. Rxd6 Bc6 24. Nd4 Be8 25. Rd1 b4 26. c4 Be5 27. Ra6 Rd8
28. Nc6 Bxc6 29. Rxc6 Rxd1 30. Nxd1 Rd8 31. Ke2 Bxg3 32. Ne3 Bf4 33. Ng4 Rd2+
34. Kf3 g5 35. e5 Rxb2 36. Nf6+ Kg7 37. Rc8 Bxe5 38. Nh5+ Kh6 39. Ng3 g4+ 40.
Kxg4 Rxg2 41. Kh4 Rxg3 42. c5 Rc3 43. c6 f5 44. c7 Bf6# 0-1

[Event "Titled Tue 10th Jun Early"]
[Site "chess.com INT"]
[Date "2025.06.10"]
[Round "2"]
[White "Nguyen Thi Mai Hung"]
[Black "Zepeda Berlanga, Jan Enrique"]
[Result "1-0"]
[WhiteTitle "WGM"]
[BlackTitle "CM"]
[WhiteElo "2191"]
[BlackElo "1984"]
[WhiteFideId "12401676"]
[BlackFideId "5132355"]
[EventDate "2025.06.10"]

1. d4 Nf6 2. Nf3 d5 3. Bf4 c5 4. e3 Nc6 5. c3 Qb6 6. Qc2 Bf5 7. dxc5 Bxc2 8.
cxb6 axb6 9. Na3 Be4 10. Nb5 Rc8 11. Ne5 Nxe5 12. Bxe5 e6 13. Nd6+ Bxd6 14. Bxd6
Kd7 15. Bb4 Kc7 16. f3 Bg6 17. Kf2 h5 18. Bb5 Nd7 19. Rhd1 Ne5 20. Rac1 f6 21.
c4 Nd3+ 22. Rxd3 Bxd3 23. cxd5+ Kb8 24. Rxc8+ Rxc8 25. Bxd3 exd5 26. Bd6+ Ka7
27. Ke2 Rc6 28. Bf8 g6 29. Bxg6 b5 30. Bb4 h4 31. h3 Rc4 32. Bc3 b4 33. Bxf6 Rc1
34. Bd4+ Ka6 35. Bd3+ Ka5 36. a3 b5 37. axb4+ Kxb4 38. Bf5 Ka4 39. f4 Rg1 40.
Kf2 Rc1 41. Be6 Kb4 42. Bxd5 Rc2+ 43. Kf3 Rc1 44. Kg4 1-0

[Event "Titled Tue 10th Jun Early"]
[Site "chess.com INT"]
[Date "2025.06.10"]
[Round "2"]
[White "Chen, Yidong"]
[Black "Povshednyi, Ivan"]
[Result "0-1"]
[BlackTitle "FM"]
[WhiteElo "2074"]
[BlackElo "2309"]
[WhiteFideId "8607028"]
[BlackFideId "14190907"]
[EventDate "2025.06.10"]

1. e4 c5 2. Nf3 d6 3. d4 cxd4 4. Nxd4 Nf6 5. Nc3 a6 6. Be3 e5 7. Nb3 Be6 8. h3
Be7 9. Qf3 O-O 10. O-O-O a5 11. g4 a4 12. Nd2 a3 13. b3 Nc6 14. g5 Nd7 15. h4
Rc8 16. Nc4 Na5 17. Kb1 Nxc4 18. Bxc4 Bxc4 19. bxc4 Nb6 20. Ka1 Nxc4 21. Bc1 Qd7
22. Nd5 Bd8 23. h5 f5 24. gxf6 Bxf6 25. Qb3 Kh8 26. h6 g6 27. f3 b5 28. Rh2 Bd8
29. Bxa3 Ra8 30. Bb4 Qf7 31. Rf1 Bf6 32. Rg2 Ra4 33. Bxd6 Rfa8 34. c3 Nxd6 0-1

[Event "Titled Tue 10th Jun Early"]
[Site "chess.com INT"]
[Date "2025.06.10"]
[Round "2"]
[White "Rom, Jasper"]
[Black "Perez Cruz, Adianet"]
[Result "1-0"]
[BlackTitle "WFM"]
[WhiteElo "2163"]
[BlackElo "1984"]
[WhiteFideId "2023733"]
[BlackFideId "3510115"]
[EventDate "2025.06.10"]

1. e4 c6 2. Nc3 d5 3. Nf3 dxe4 4. Nxe4 Nf6 5. Qe2 Bg4 6. h3 Bxf3 7. Qxf3 Nbd7 8.
d4 Nxe4 9. Qxe4 Nf6 10. Qd3 e6 11. Be2 Be7 12. O-O O-O 13. c4 h6 14. Bf4 Re8 15.
Rfd1 Bd6 16. Be3 Qc7 17. Bf3 Rad8 18. Rac1 Bf4 19. Qe2 Bxe3 20. Qxe3 Rd7 21. Rd3
Red8 22. Rcd1 Qa5 23. a3 a6 24. b4 Qc7 25. g4 Nh7 26. h4 Re8 27. Be4 Qd8 28. Qg3
Qe7 29. f4 Nf6 30. Bf3 Red8 31. g5 hxg5 32. hxg5 Ne8 33. Qh4 g6 34. Be4 Qf8 35.
d5 exd5 36. cxd5 c5 37. Kg2 cxb4 38. Rh1 Qg7 39. axb4 Nd6 40. Rdh3 Kf8 41. Qe1
Qb2+ 42. Kf3 Nxe4 43. Qxe4 Qc3+ 44. Kg4 f5+ 45. gxf6 Qxf6 46. Rh8+ Qxh8 47.
Rxh8+ Kg7 48. Rxd8 Rxd8 49. Qe7+ 1-0

[Event "Titled Tue 10th Jun Early"]
[Site "chess.com INT"]
[Date "2025.06.10"]
[Round "2"]
[White "Schmakel, Sam"]
[Black "Yanev, Tihomir"]
[Result "1-0"]
[WhiteTitle "IM"]
[BlackTitle "IM"]
[WhiteElo "2456"]
[BlackElo "2354"]
[WhiteFideId "2039311"]
[BlackFideId "2910110"]
[EventDate "2025.06.10"]

1. d4 e6 2. e4 b6 3. Nf3 Bb7 4. Bd3 Nf6 5. Qe2 d5 6. e5 Nfd7 7. Ng5 Qe7 8. f4 c5
9. c3 Nc6 10. f5 cxd4 11. fxe6 Ndxe5 12. exf7+ Nxf7 13. Ne6 Nfe5 14. Bf5 d3 15.
Qf2 g6 16. Bh3 d2+ 17. Qxd2 Nc4 18. Qxd5 N6e5 19. Qb5+ Bc6 20. Qb3 Nd3+ 21. Ke2
Nxc1+ 22. Rxc1 Nd6 23. Nd2 Bh6 24. Nf3 Bxc1 25. Rxc1 Bxf3+ 26. gxf3 Nf5 27. Qd5
Kf7 28. Bxf5 gxf5 29. Qxf5+ Qf6 30. Ng5+ Kg7 31. Qd7+ Kg6 32. Ne4 Rhe8 33. Rg1+
Kh6 34. Qh3+ 1-0

[Event "Titled Tue 10th Jun Early"]
[Site "chess.com INT"]
[Date "2025.06.10"]
[Round "2"]
[White "Kosteniuk, Alexandra"]
[Black "Kulnev, Aleksandr"]
[Result "0-1"]
[WhiteTitle "GM"]
[BlackTitle "CM"]
[WhiteElo "2474"]
[BlackElo "2213"]
[WhiteFideId "4128125"]
[BlackFideId "54157544"]
[EventDate "2025.06.10"]

1. e4 c5 2. d4 cxd4 3. Qxd4 Nc6 4. Qd3 g6 5. Nc3 Bg7 6. Nf3 d6 7. Be2 Bg4 8. O-O
Nf6 9. Nd5 O-O 10. c3 Nd7 11. Bg5 h6 12. Bh4 g5 13. Bg3 Nc5 14. Qe3 e6 15. Nb4
Nxb4 16. cxb4 Na4 17. Rad1 Qb6 18. Bxd6 Qxe3 19. fxe3 Rfd8 20. e5 Nxb2 21. Rc1
Rac8 22. h3 Bh5 23. Bb5 a6 24. Rxc8 Rxc8 25. Be2 Rc2 26. Rf2 Rc1+ 27. Kh2 b5 28.
Nd4 Bxe2 29. Rxe2 Nd3 30. Nf3 Rc4 31. a3 Rc3 32. Rd2 Rxa3 33. Rc2 Kh7 34. Rc7
Kg6 35. h4 g4 36. Nd4 Bxe5+ 37. Bxe5 Nxe5 38. h5+ Kf6 39. Nc2 Ra2 40. Kg3 Nc4
41. Nd4 Nxe3 42. Kf4 Nd5+ 0-1

[Event "Titled Tue 10th Jun Early"]
[Site "chess.com INT"]
[Date "2025.06.10"]
[Round "2"]
[White "Marynychenko, Yehor"]
[Black "Aslanov, Umid"]
[Result "0-1"]
[WhiteTitle "CM"]
[BlackTitle "FM"]
[WhiteElo "2183"]
[BlackElo "2298"]
[WhiteFideId "34160558"]
[BlackFideId "13412620"]
[EventDate "2025.06.10"]

1. e4 c5 2. c3 Nf6 3. e5 Nd5 4. d4 cxd4 5. cxd4 d6 6. Nf3 Nc6 7. Bc4 Nb6 8. Bb5
Bd7 9. Bxc6 Bxc6 10. O-O e6 11. Nc3 Be7 12. a4 O-O 13. a5 Nd5 14. Nxd5 Bxd5 15.
b4 dxe5 16. Nxe5 Bxb4 17. Be3 Bxa5 18. Qa4 Bc7 19. Rfc1 Bd6 20. Nd7 Re8 21. Nc5
Qh4 22. h3 Qh5 23. Qd7 Red8 24. Qb5 Qg6 25. Qf1 a6 26. Rab1 Rac8 27. Nxb7 Rxc1
28. Bxc1 Rb8 29. Rb6 Bc7 30. Rxa6 Bxb7 31. Ra7 Bb6 32. Rxb7 Rxb7 33. Qa6 Rb8 34.
Bf4 Qb1+ 35. Kh2 Rd8 36. Qb7 h6 37. Be5 Qb2 38. Kg3 h5 39. f3 Qb4 40. Kh4 Ba5
41. Qa7 f6 42. Bxf6 gxf6 43. Kxh5 Qxd4 44. Qe7 Qe5+ 45. Kh6 Qg5# 0-1

[Event "Titled Tue 10th Jun Early"]
[Site "chess.com INT"]
[Date "2025.06.10"]
[Round "2"]
[White "Deac, Bogdan-Daniel"]
[Black "Sapocinic, Semion"]
[Result "1-0"]
[WhiteTitle "GM"]
[BlackTitle "FM"]
[WhiteElo "2674"]
[BlackElo "2296"]
[WhiteFideId "1226380"]
[BlackFideId "13908693"]
[EventDate "2025.06.10"]

1. d4 Nf6 2. c4 e6 3. Nc3 Bb4 4. e3 O-O 5. Bd2 Re8 6. Bd3 d5 7. Nf3 Bf8 8. O-O
c5 9. dxc5 Bxc5 10. cxd5 exd5 11. Rc1 a6 12. Qc2 Ba7 13. Ne2 Nc6 14. Bc3 h6 15.
Rfd1 Bg4 16. Bf5 Bxf3 17. gxf3 Qe7 18. Kg2 Rad8 19. Nd4 Ne5 20. Bh3 Ng6 21. Nf5
Qf8 22. Bxf6 gxf6 23. Kh1 Kh7 24. Qc7 Bb8 25. Qxb7 Ne5 26. f4 Ng6 27. Rxd5 Bxf4
28. Rxd8 Rxd8 29. exf4 Nxf4 30. Qf3 Qb4 31. b3 Qd2 32. Rg1 Nxh3 33. Qxh3 Qd5+
34. f3 Qd2 35. Qg4 Qg5 36. Qe4 Qd2 37. Nd6+ Kh8 38. Nxf7# 1-0

[Event "Titled Tue 10th Jun Early"]
[Site "chess.com INT"]
[Date "2025.06.10"]
[Round "2"]
[White "Zaksaite, Salomeja"]
[Black "Dwilewicz, Katarzyna"]
[Result "1-0"]
[WhiteTitle "WGM"]
[BlackTitle "WFM"]
[WhiteElo "2133"]
[BlackElo "2198"]
[WhiteFideId "12801496"]
[BlackFideId "1148486"]
[EventDate "2025.06.10"]

1. d4 d6 2. e4 g6 3. Nf3 Bg7 4. Nc3 Nf6 5. Be2 O-O 6. O-O a6 7. a4 Bg4 8. Re1
Nc6 9. h3 Bxf3 10. Bxf3 e5 11. dxe5 Nxe5 12. Be2 Re8 13. f4 Nc6 14. Bf3 Nd7 15.
Be3 Nc5 16. Bf2 Na5 17. e5 Nc4 18. Ra2 Rb8 19. Bxc5 dxc5 20. Ne4 b6 21. b3 Na5
22. Qe2 Nc6 23. c3 Qe7 24. Qxa6 Rbd8 25. Rd2 Na5 26. Qb5 h6 27. Red1 Kh7 28. Rd7
Qh4 29. g3 Qxh3 30. Rxd8 Rxd8 31. Rxd8 h5 32. Ng5+ 1-0

[Event "Titled Tue 10th Jun Early"]
[Site "chess.com INT"]
[Date "2025.06.10"]
[Round "2"]
[White "Lloret Ramis, Juan Jose"]
[Black "Raptis, Nick"]
[Result "1/2-1/2"]
[WhiteTitle "FM"]
[BlackTitle "FM"]
[WhiteElo "2019"]
[BlackElo "2220"]
[WhiteFideId "2204053"]
[BlackFideId "2016850"]
[EventDate "2025.06.10"]

1. c4 Nf6 2. Nc3 g6 3. d4 d6 4. e4 Bg7 5. Nf3 O-O 6. Be2 e5 7. dxe5 dxe5 8. Qxd8
Rxd8 9. Bg5 Nbd7 10. Rd1 Rf8 11. Nd5 c6 12. Ne7+ Kh8 13. Nxc8 Rfxc8 14. Bxf6
Nxf6 15. Nxe5 Kg8 16. f3 Nxe4 17. Nxg6 hxg6 18. fxe4 Bxb2 19. Rd7 Rab8 20. O-O
Rf8 21. Rb1 Ba3 22. Rbxb7 Rxb7 23. Rxb7 Rd8 24. Kf1 Rd2 25. Rc7 c5 26. Rxa7 Rxa2
27. e5 Ra1+ 28. Kf2 Bb2 29. Rxa1 Bxa1 30. e6 fxe6 31. Ke3 Kf7 32. Ke4 Kf6 33.
Bg4 Bd4 34. h3 Bf2 35. Bf3 Bd4 36. Bg4 Bb2 37. Bf3 Ba1 38. Bg4 e5 39. Bf3 Bd4
40. Bg4 Kg5 41. Bf3 Kh4 42. Bg4 Kg5 43. Bf3 Kf6 44. Bg4 Kg5 1/2-1/2

[Event "Titled Tue 10th Jun Early"]
[Site "chess.com INT"]
[Date "2025.06.10"]
[Round "2"]
[White "Sayce, Hannah"]
[Black "Gomez Falagan, Daniel"]
[Result "0-1"]
[WhiteTitle "WCM"]
[BlackTitle "FM"]
[WhiteElo "1877"]
[BlackElo "2271"]
[WhiteFideId "3250695"]
[BlackFideId "54509947"]
[EventDate "2025.06.10"]

1. e4 b6 2. d4 Bb7 3. Nc3 e6 4. Bd3 Bb4 5. Qe2 Nf6 6. Nf3 d5 7. e5 Ne4 8. Bd2
Nxd2 9. Qxd2 c5 10. a3 Ba5 11. O-O Nc6 12. Bb5 O-O 13. Rad1 Rc8 14. Qf4 Ne7 15.
Bd3 f5 16. Qh4 Ng6 17. Qxd8 Rfxd8 18. Nb5 Ba6 19. Nd6 Bxd3 20. Rxd3 Rc7 21. c3
c4 22. Rd2 a6 23. h4 h6 24. g3 b5 25. Kg2 Rb8 26. Ne1 Rc6 27. Nc2 Bc7 28. Nb4
Rcb6 29. a4 a5 30. Nc2 bxa4 31. Ra1 Rxb2 32. Rxa4 R8b3 33. Ne8 Bd8 34. Nd6 Rxc3
35. Nb7 Rxb7 36. Ne3 Rb4 37. h5 Nf8 38. Ra1 a4 39. Nd1 Rcb3 40. Ne3 a3 41. Rdd1
Ra4 42. Nxc4 Rxc4 0-1

[Event "Titled Tue 10th Jun Early"]
[Site "chess.com INT"]
[Date "2025.06.10"]
[Round "2"]
[White "Bharath, Subramaniyam H"]
[Black "Dogan, Umut Anil"]
[Result "1-0"]
[WhiteTitle "GM"]
[BlackTitle "CM"]
[WhiteElo "2558"]
[BlackElo "2060"]
[WhiteFideId "46634827"]
[BlackFideId "51618060"]
[EventDate "2025.06.10"]

1. c4 e5 2. Nf3 Nc6 3. d4 exd4 4. Nxd4 Bc5 5. Nb3 Bb4+ 6. Bd2 Bxd2+ 7. Qxd2 Nf6
8. Nc3 O-O 9. g3 Ne5 10. c5 b6 11. Bg2 Rb8 12. O-O bxc5 13. Nxc5 d6 14. Nb3 Be6
15. Nd4 Nc4 16. Qf4 Ne5 17. b3 c5 18. Nf3 Ng6 19. Qd2 d5 20. Rac1 Qe7 21. Ng5
Rfd8 22. Na4 Rbc8 23. Qa5 c4 24. Nxe6 Qxe6 25. e3 cxb3 26. axb3 Qe7 27. Rxc8
Rxc8 28. Bxd5 Nxd5 29. Qxd5 Qb4 30. Rd1 h6 31. h4 Ne7 32. Qd3 Rb8 33. Qc2 Rc8
34. Qb1 Rb8 35. Rd4 Qb5 36. Nc3 Qf5 37. Qd1 Nc6 38. Rd5 Qe6 39. Nb5 Ne7 40. Rd8+
Rxd8 41. Qxd8+ Kh7 42. Nxa7 Nf5 43. Qd3 g6 44. Nb5 Qc6 45. Nd4 Qc1+ 46. Qf1 Qc3
47. Nxf5 gxf5 48. Qc4 Qa1+ 49. Kg2 Kg6 50. Qc6+ f6 51. b4 Qb2 52. b5 f4 53. exf4
Kf5 54. b6 Kg4 55. Qe6+ 1-0

[Event "Titled Tue 10th Jun Early"]
[Site "chess.com INT"]
[Date "2025.06.10"]
[Round "2"]
[White "Bodemar, Jonathan"]
[Black "Bacus, Dharim"]
[Result "1-0"]
[WhiteTitle "CM"]
[BlackTitle "FM"]
[WhiteElo "2150"]
[BlackElo "2131"]
[WhiteFideId "6205488"]
[BlackFideId "5201527"]
[EventDate "2025.06.10"]

1. e4 e5 2. Nf3 Nc6 3. Bc4 Bc5 4. c3 Nf6 5. d4 exd4 6. e5 d5 7. Bb5 Ne4 8. cxd4
Bb4+ 9. Nbd2 O-O 10. O-O Nxd2 11. Bxd2 Bxd2 12. Qxd2 f6 13. Bxc6 bxc6 14. Rac1
Bg4 15. exf6 Bxf3 16. fxg7 Kxg7 17. gxf3 Rxf3 18. Rxc6 Qh4 19. Kh1 Qe4 20. Qg5+
Kh8 21. Qe5+ Qxe5 22. dxe5 Re8 23. Kg2 Rf4 24. Re1 Rg8+ 25. Kf1 Rg7 26. e6 Re7
27. Ra6 c5 28. b3 Kg7 29. Rd6 Rf5 30. Rc6 d4 31. Rc1 d3 32. Rd6 Kf6 33. Rxd3
Rxe6 34. Rdc3 Ree5 35. Kg2 Ke6 36. Rf3 Rg5+ 37. Rg3 Rh5 38. Rc2 Kd6 39. Rg7
Reg5+ 40. Rxg5 Rxg5+ 41. Kf3 Kd5 42. Rd2+ Kc6 43. Re2 Rf5+ 44. Kg4 Rd5 45. f4 a5
46. f5 Rd4+ 47. Kg5 Rd1 48. f6 Rg1+ 49. Kf5 Rf1+ 50. Ke6 h5 51. f7 a4 52. Ke7
axb3 53. axb3 Kb5 54. f8=Q 1-0

[Event "Titled Tue 10th Jun Early"]
[Site "chess.com INT"]
[Date "2025.06.10"]
[Round "2"]
[White "Zhauynbay Aldiyar"]
[Black "Movahed, Sina"]
[Result "0-1"]
[WhiteTitle "FM"]
[BlackTitle "GM"]
[WhiteElo "2233"]
[BlackElo "2544"]
[WhiteFideId "13780646"]
[BlackFideId "42520835"]
[EventDate "2025.06.10"]

1. e4 c5 2. Nf3 e6 3. d4 cxd4 4. Nxd4 Nc6 5. Nc3 d6 6. Be3 Nf6 7. Be2 Be7 8. O-O
O-O 9. f4 Bd7 10. Kh1 Rc8 11. Qe1 Nxd4 12. Bxd4 Bc6 13. Bd3 Nd7 14. Qg3 Bf6 15.
e5 dxe5 16. fxe5 Bg5 17. Rad1 Qe7 18. Ne4 Bxe4 19. Bxe4 Nc5 20. Bxc5 Rxc5 21. c3
g6 22. Rd4 Bh6 23. Rfd1 Rc7 24. Bf3 Bg7 25. h3 Qc5 26. Re1 b5 27. Qf4 a5 28. a4
bxa4 29. Rxa4 Qb5 30. Ra2 Rc5 31. b4 axb4 32. cxb4 Rxe5 33. Rb1 Qd3 34. Qc1 Rd8
35. Ra8 Rxa8 36. Bxa8 Bh6 37. Qc8+ Kg7 38. Ra1 Qg3 39. Bf3 Re1+ 0-1